Statistiche per Geografia del Mondo su mappa #1

Clicka qui per fare il quiz!

Statistiche generali

  • Questo quiz è stato fatto 1.450 volte
  • Il punteggio medio è 15 su 25

Risposte nella Mappa

Le risposte nella mappa del quiz sottostante sono codificate secondo una scala di colori dal rosso al verde in base alla % di persone che hanno risposto correttamente.
 

Statistiche sulle risposte

TipoRisposta% Corretto
CountryNorvegia
95%
CountryUruguay
88%
CountryPapua Nuova Guinea
85%
RegionCalifornia
82%
Mountain RangeAnde
81%
RegionBalcani
81%
CityIstanbul
78%
CountryNamibia
78%
Mountain RangeUrali
78%
Mountain RangePirenei
77%
CountryTurkmenistan
74%
CityPanama City
71%
CityPyongyang
66%
CitySingapore
66%
LakeVittoria
50%
RegionBaviera
49%
RegionTibet
48%
CityToronto
41%
LakeSuperiore
31%
LakeAral
28%
LakeBaikal
28%
CityKarachi
28%
RegionNuovo Galles del Sud
26%
CityDar es Salaam
22%
Mountain RangeAlpi Meridionali
17%

Distribuzione punteggi

Percentile per numero di risposta

Percentuale di utenti per punteggio

I tuoi punteggi nel tempo

Non hai fatto questo quiz